Personnages de Kuroko's Basketball - Statistiques

Statistiques générales
  • Ce quiz a été pris 1 758 fois
  • Le résultat moyen est 13 sur 38
Statistiques - réponses
Hint Réponse % Correct
Personnage PrincipaleMembre de Seirin Ancien Membre de Teiko Joueur Phantome Kuroko Tetsuya
99%
DeutéragonisteMembre de Seirin Ailier Fort Kagami Taiga
92%
Membre de Touou (Too)Membre de la Génération des Miracles Ailier Fort Aomine Daiki
79%
Membre de KaijoMembre de la Génération des Miracles Ailier Kise Ryota
78%
Capitaine de RakuzanCapitaine de la Génération des Miracles Meneur Akashi Seijuro
75%
Membre de ShutokuMembre de la Génération des Miracles Arrière Midorima Shintaro
73%
Membre de YosenMembre de la Génération des Miracles Pivot Murasakibara Atsushi
69%
Capitaine de SeirinArrière Hyuga Junpei
55%
Membre de SeirinMembre des Rois Sans Couronne Pivot Kiyoshi Teppei
55%
Vice-Capitaine de SeirinMeneur Izuki Shun
40%
Membre de SeirinAilier Fort et Pivot Mitobe Rinnosuke
40%
Membre de ShutokuMeneur Takao Kazunari
39%
Coach de Seirin Aida Riko
32%
Membre de Yosen Ami du Deutéragoniste Arrière Himuro Tatsuya
31%
Responsable de Touou (Too)Responsable de Teiko Momoi Satsuki
31%
Capitaine de KaijoMeneur Kasamatsu Yukio
29%
Capitaine de JabberwockMeneur Nash Gold Jr
29%
Membre de ShinkyoSénégalais Pivot Papa Mbaye Siki
28%
Membre de JabberwockPivot Jason Silver
25%
Ancienne Joueuse de WNBAMaitre du Detéragoniste et son ami Alexandra Garcia
23%
Membre non-titulaire de SeirinAilier Koganei Shinji
23%
Vice-Capitaine de RakuzanMembre des Rois Sans Couronne Arrière Mibuchi Reo
22%
Membre de Fukuda SogoAncien Membre de Teiko Ailier Haizaki Shogo
20%
Coach et Capitaine de Kirisaki DaiichiMembre des Rois Sans Couronne Meneur Hanamiya Makoto
20%
Membre de Touou (Too)Arrière Sakurai Ryo
19%
Membre de RakuzanMembre des Rois Sans Couronne Ailier Hayama Kotaro
18%
Membre de Touou (Too)Pivot Wakamatsu Kosuke
18%
Capitaine de ShutokuPivot Otsubo Taisuke
16%
Membre de RakuzanMembre des Rois Sans Couronne Pivot Nebuya Eikichi
15%
Capitaine de Touou (Too)Meneur Imayoshi Shoichi
14%
Membre de RakuzanJoueur Phantome de Rakuzan Mayuzumi Chihiro
14%
Coach de l'équipe Vorpal Swords Aida Kagetora
9%
Capitaine de YosenAilier Fort Okamura Kenichi
8%
Membre de Kirisaki DaiichiPivot Seto Kentaro
6%
Coach de Yosen Araki Masako
5%
Coach de Touou (Too) Harasawa Katsunori
5%
Coach de Kaijo Takeuchi Genta
5%
Coach de Shutoku Nakatani Masaaki
4%
Aucun quiz correspondant
Distribution des résultats
% des personnes avec chaque résultat
Percentile par nombre de réponses
Votre historique - résultats
Vous n’avez pas pris ce quiz